[Event "EU-ch Seniors 06th"]
[Site "Davos"]
[Date "2006.08.11"]
[Round "7"]
[White "Fedotov, Aleksandar"]
[Black "Ziltener, Werner"]
[Result "1-0"]
[WhiteElo "2325"]
[BlackElo "2078"]
[PlyCount "85"]
[EventDate "2006.08.05"]
[EventType "swiss"]
[EventRounds "9"]
[EventCountry "SUI"]
[SourceTitle "CBM 113 Extra"]
[Source "ChessBase"]
[SourceDate "2006.09.14"]
[SourceVersion "1"]
[SourceVersionDate "2006.09.14"]
[SourceQuality "1"]

1. f4 d5 2. d4 c5 3. e3 Nf6 4. c3 Bg4 5. Nf3 e6 6. Nbd2 Ne4 7. Be2 Bd6 8. 0-0 cxd4 9. Nxe4 dxe4 10. Nxd4 Bxe2 11. Qxe2 Nd7 12. Rd1 Qb6 13. Qg4 Be7 14. b4 Nf6 15. Qe2 a6 16. a3 Rc8 17. Bb2 Qc7 18. Rac1 Qc4 19. Qc2 0-0 20. h3 h5 21. g3 Rfd8 22. Qg2 Rd5 23. g4 hxg4 24. hxg4 g5 25. Rf1 Kg7 26. Kf2 gxf4 27. exf4 Qd3 28. Rcd1 e3+ 29. Kg1 Qe4 30. g5 Qxg2+ 31. Kxg2 Ne4 32. c4 Rxc4 33. Nxe6+ Kg8 34. Rxd5 fxe6 35. Re5 Rc2+ 36. Kg1 e2 37. Re1 Nd2 38. R1xe2 Rxb2 39. Rxe6 Nf3+ 40. Kf2 Rxe2+ 41. Rxe2 Bxg5 42. Kxf3 Bf6 43. Ke4 1-0

[Event "EU-ch Seniors 06th"]
[Site "Davos"]
[Date "2006.08.06"]
[Round "2"]
[White "Siegmund, Rainer"]
[Black "Fedotov, Aleksandar"]
[Result "1-0"]
[WhiteElo "2154"]
[BlackElo "2325"]
[PlyCount "113"]
[EventDate "2006.08.05"]
[EventType "swiss"]
[EventRounds "9"]
[EventCountry "SUI"]
[SourceTitle "CBM 113 Extra"]
[Source "ChessBase"]
[SourceDate "2006.09.14"]
[SourceVersion "1"]
[SourceVersionDate "2006.09.14"]
[SourceQuality "1"]

1. d4 f5 2. g3 Nf6 3. Bg2 d5 4. c4 e6 5. Nf3 c6 6. 0-0 Be7 7. b3 0-0 8. Ba3 Ne4 9. Bxe7 Qxe7 10. Qd3 Bd7 11. Ne5 Be8 12. f3 Ng5 13. e3 Nd7 14. Nd2 Nxe5 15. dxe5 Bg6 16. Qc3 Rfd8 17. h4 Nf7 18. f4 h5 19. c5 Qc7 20. Nf3 Rd7 21. b4 a5 22. a3 Nd8 23. Nd4 b5 24. cxb6 Qxb6 25. Rfc1 Rc7 26. Rab1 Kf8 27. Qc5+ Qxc5 28. Rxc5 axb4 29. axb4 Rb8 30. b5 Rb6 31. Rbc1 Be8 32. Bf1 Ke7 33. Be2 g6 34. Kf2 Bd7 35. R5c2 Be8 36. Bd3 Nb7 37. bxc6 Na5 38. Bb5 Nb3 39. Nxb3 Rxb5 40. Nd4 Rb6 41. Ke2 Kf7 42. Kd3 Ke7 43. Kd2 Bf7 44. Rc5 Kd8 45. Nb5 Be8 46. Nxc7 Kxc7 47. Ra1 Bxc6 48. Ra7+ Kd8 49. Rg7 Be8 50. Ra5 Rb2+ 51. Kc3 Rb8 52. Raa7 Rc8+ 53. Kb3 Rb8+ 54. Rgb7 Rc8 55. Rb6 Bc6 56. Rg7 Rc7 57. Rb8+ 1-0

[Event "Tula-A"]
[Site "Tula"]
[Date "2000.??.??"]
[Round "6"]
[White "Fedotov, Aleksandar"]
[Black "Gusev, Aleksey"]
[Result "1/2-1/2"]
[WhiteElo "2325"]
[BlackElo "2329"]
[PlyCount "29"]
[EventDate "2000.12.??"]
[EventType "tourn"]
[EventRounds "13"]
[EventCountry "RUS"]
[EventCategory "4"]
[SourceTitle "CBM 079 Extra"]
[Source "ChessBase"]
[SourceDate "2001.01.11"]
[SourceVersion "2"]
[SourceVersionDate "2001.01.25"]
[SourceQuality "1"]

1. d4 d5 2. c4 dxc4 3. e4 e5 4. d5 Nf6 5. Nc3 b5 6. Bg5 Bb4 7. a4 c6 8. Nf3 h6 9. Bxf6 Qxf6 10. dxc6 Nxc6 11. axb5 Nd4 12. Bxc4 0-0 13. 0-0 Nxf3+ 14. Qxf3 Qxf3 15. gxf3 1/2-1/2

[Event "Tula-A"]
[Site "Tula"]
[Date "2000.??.??"]
[Round "5"]
[White "Gavritenkov, Sergei"]
[Black "Fedotov, Aleksandar"]
[Result "1/2-1/2"]
[WhiteElo "2351"]
[BlackElo "2325"]
[PlyCount "52"]
[EventDate "2000.12.??"]
[EventType "tourn"]
[EventRounds "13"]
[EventCountry "RUS"]
[EventCategory "4"]
[SourceTitle "CBM 079 Extra"]
[Source "ChessBase"]
[SourceDate "2001.01.11"]
[SourceVersion "2"]
[SourceVersionDate "2001.01.25"]
[SourceQuality "1"]

1. d4 d5 2. c4 dxc4 3. e4 e5 4. Nf3 exd4 5. Bxc4 Bb4+ 6. Nbd2 Nc6 7. 0-0 Nf6 8. e5 Nd5 9. Nb3 Nb6 10. Bb5 Qd5 11. Nfxd4 0-0 12. Nxc6 Qxb5 13. Nxb4 Qxb4 14. Be3 Re8 15. Rc1 c6 16. Bc5 Qf4 17. Bd6 Nd5 18. g3 Qg4 19. Qxg4 Bxg4 20. f3 Bh3 21. Rfd1 Rad8 22. Nc5 b6 23. Ne4 Bd7 24. Nc3 Be6 25. Nxd5 Bxd5 26. f4 f6 1/2-1/2

[Event "Tula-A"]
[Site "Tula"]
[Date "2000.??.??"]
[Round "7"]
[White "Paronjan, Aleksandar"]
[Black "Fedotov, Aleksandar"]
[Result "1-0"]
[WhiteElo "2423"]
[BlackElo "2325"]
[PlyCount "85"]
[EventDate "2000.12.??"]
[EventType "tourn"]
[EventRounds "13"]
[EventCountry "RUS"]
[EventCategory "4"]
[SourceTitle "CBM 079 Extra"]
[Source "ChessBase"]
[SourceDate "2001.01.11"]
[SourceVersion "2"]
[SourceVersionDate "2001.01.25"]
[SourceQuality "1"]

1. d4 d5 2. c4 c6 3. Nf3 Nf6 4. e3 Bf5 5. cxd5 cxd5 6. Bb5+ Nbd7 7. 0-0 e6 8. Ne5 a6 9. Nxd7 Nxd7 10. Bd3 Bxd3 11. Qxd3 Be7 12. Nd2 0-0 13. Nf3 Rc8 14. Bd2 Bd6 15. Rfc1 Qb6 16. Rc2 Rxc2 17. Qxc2 Nf6 18. Rc1 Ne4 19. Be1 h6 20. Ne5 Bxe5 21. dxe5 a5 22. h4 f6 23. exf6 Nxf6 24. b3 Ne4 25. Qc7 Qb5 26. Qe7 Qe2 27. Qxe6+ Kh7 28. Qxd5 Nxf2 29. Qd2 Qxd2 30. Bxd2 Ng4 31. Rc4 Rd8 32. Rd4 Rxd4 33. exd4 Kg6 34. Bxa5 Kf5 35. d5 g6 36. d6 Ke6 37. Bc7 Ne3 38. Kf2 Nf5 39. g4 Nxh4 40. d7 Kxd7 41. Bg3 g5 42. Bxh4 gxh4 43. Kg2 1-0

[Event "Pardubice Czech op"]
[Site "Pardubice"]
[Date "1998.??.??"]
[Round "6"]
[White "Fedotov, Aleksandar"]
[Black "Dobrotka, Martin"]
[Result "0-1"]
[WhiteElo "2325"]
[BlackElo "2225"]
[PlyCount "92"]
[EventDate "1998.07.??"]
[EventType "swiss"]
[EventRounds "9"]
[EventCountry "CZE"]
[SourceTitle "EXT 2000"]
[Source "ChessBase"]
[SourceDate "1999.11.16"]
[SourceVersion "1"]
[SourceVersionDate "1999.11.16"]
[SourceQuality "1"]

1. d4 Nf6 2. Nf3 d6 3. c4 g6 4. g3 Bg7 5. Bg2 0-0 6. 0-0 c6 7. Nc3 Qa5 8. e4 Qh5 9. h4 Nbd7 10. Nh2 Qxd1 11. Rxd1 e5 12. d5 c5 13. Bh3 a6 14. Be3 Nh5 15. Bg4 Rb8 16. Be2 Ndf6 17. a4 Ne8 18. Kg2 b6 19. Rdb1 f5 20. Bxh5 gxh5 21. b4 f4 22. Bd2 Rb7 23. bxc5 dxc5 24. a5 Nd6 25. Rxb6 Rxb6 26. axb6 Nxc4 27. Be1 fxg3 28. fxg3 Nxb6 29. Bf2 Nd7 30. Ra5 Bh6 31. Nd1 Bd2 32. Ra2 Bb4 33. Nf3 a5 34. Ne3 Ba6 35. Nc2 Bd3 36. Nxb4 cxb4 37. Nd2 Ra8 38. Kf3 a4 39. Ke3 Bb5 40. Nb1 a3 41. Nd2 Rc8 42. Be1 Rc3+ 43. Kf2 Nc5 44. Nb1 Rc1 45. Bxb4 Nd3+ 46. Ke3 Nxb4 0-1

[Event "Pardubice Czech op"]
[Site "Pardubice"]
[Date "1998.??.??"]
[Round "8"]
[White "Hitzgerova, Gabriela"]
[Black "Fedotov, Aleksandar"]
[Result "1/2-1/2"]
[WhiteElo "2170"]
[BlackElo "2325"]
[PlyCount "90"]
[EventDate "1998.07.??"]
[EventType "swiss"]
[EventRounds "9"]
[EventCountry "CZE"]
[SourceTitle "EXT 2000"]
[Source "ChessBase"]
[SourceDate "1999.11.16"]
[SourceVersion "1"]
[SourceVersionDate "1999.11.16"]
[SourceQuality "1"]

1. e4 e6 2. d3 d5 3. Nd2 Nf6 4. Ngf3 Nc6 5. g3 dxe4 6. dxe4 e5 7. Bg2 Bc5 8. 0-0 0-0 9. h3 h6 10. c3 Qd3 11. Re1 Be6 12. Qe2 Rfd8 13. Qxd3 Rxd3 14. Bf1 Rdd8 15. a4 a6 16. b4 Be7 17. a5 Nd7 18. Nc4 f6 19. Nh4 Na7 20. Ne3 Kf7 21. Nhf5 Bf8 22. Nd5 Rac8 23. Be3 Nc6 24. Bd2 Ndb8 25. Nfe3 Ne7 26. Red1 Kg6 27. Be1 Kh7 28. Kg2 Rd7 29. Bc4 Nxd5 30. Bxd5 Bxd5 31. exd5 Rcd8 32. c4 c6 33. Kf3 Kg6 34. g4 h5 35. Ke4 hxg4 36. hxg4 Kf7 37. Rac1 g6 38. f3 Bh6 39. Bf2 Bxe3 40. Bxe3 cxd5+ 41. cxd5 Ke7 42. Rd2 Kf7 43. Rc5 Re7 44. Rdc2 Nd7 45. Rc8 f5+ 1/2-1/2